British Literature # 4 - Statistics

General Stats
  • This quiz has been taken 115 times
  • The average score is 9 of 15
Answer Stats
Question Answer % Correct
Who wrote the novels Animal Farm and Nineteen Eighty-Four? George Orwell
98%
Ebeneezer Scrooge appears in which Charles Dickens story? A Christmas Carol
97%
Which Shakespeare play contains the ‘To be or not to be’ speech? Hamlet
93%
In Arthurian legend, what is the name of King Arthur’s sword? Excalibur
92%
Which writer created the fictional character James Bond? Ian Fleming
78%
Which Welsh poet died, aged 39, in New York City in 1953? Dylan Thomas
62%
The Lord of the Rings is set in which fantasy world? Middle-earth
54%
What kind of animal is Beatrix Potter’s Mrs. Tiggy-Winkle? Hedgehog
53%
Who wrote the 1898 poem The Ballad of Reading Gaol? Oscar Wilde
51%
Who wrote 728 books, mostly romances, between 1925 and 2000? Dame {Barbara Cartland}
44%
What was the name of Zadie Smith’s award-winning debut novel? White Teeth
44%
Whose plays include Look Back In Anger and The Entertainer? John Osbourne
29%
Who wrote The Gruffalo, first published in 1999? Julia Donaldson
28%
Which playwright won the Nobel Prize for Literature in 2005? Harold Pinter
18%
“I write this sitting in the kitchen sink” is the start of which 1948 novel? I Capture the Castle
16%
No matching quizzes found
Score Distribution
Percent of People with Each Score
Percentile by Number Answered
Your Score History
You have not taken this quiz